00623nab a2200181 uc450000100070000000500170000700800410002403500110006503500210007604000130009704100080011010000270011824500970014565000440024265000350028665000260032177300940034764783220240910090507.0010220s2000 spa  a647832 a(OCoLC)819882279 ccomduadb aspa10aSotes, Pablo4auteaut10aUso y adquisicion de la segunda lengua en un programa de inmersion: diferencias individuales 7aAdquisición de segundo lenguaje2lemb 7aInteracción Educativa2embne aDiferencia individual0 tInfancia y Aprendizaje (Madrid)gNo. 092, Oct.-Dic. 2000, p. 29-49w6966x0210-370204743